| 000 | 00929cam a22002657a 4500 | ||
|---|---|---|---|
| 008 | |||
| 020 | _a9781563674372 (hbk.) | ||
| 049 | _aMAIN | ||
| 090 | 0 |
_aT520 _bSHA |
|
| 100 | 1 | _aSharp, Julia Ridgway. | |
| 245 | 1 | 0 |
_aIntroduction to AccuMark, pattern design, and product data management / _cJulia Ridgway Sharp [and] Virginia Hencken Elsasser. |
| 260 |
_aNew York : _bFairchild Publications, _c2007. |
||
| 300 |
_axxii, 312 p. : _bcol. ill. ; _c24 cm. |
||
| 504 | _aIncludes bibliographical references. | ||
| 500 | _aIncludes index. | ||
| 650 | 0 |
_aDressmaking _xPattern design _xData processing. |
|
| 650 | 0 |
_aFashion design _xData processing. |
|
| 650 | 0 |
_aComputer-aided design _xComputer programs. |
|
| 700 | 1 | _aElsasser, Virginia Hencken. | |
| 907 |
_a.b10391782 _b10-09-18 _c05-09-18 |
||
| 003 | |||
| 005 | 20230123141120.0 | ||
| 040 | _cNUST | ||
| 942 |
_cBOOKS _kT520 _mSHA |
||
| 999 |
_c167951 _d167951 |
||